| 000 | 00959amm a2200325 4500 | ||
|---|---|---|---|
| 008 | 221017s2022 cat | ||
| 041 | _acat | ||
| 041 | _beng | ||
| 041 | _bfre | ||
| 041 | _bspa | ||
| 080 | _a792.82(038) | ||
| 110 |
_960609 _aTERMCAT |
||
| 245 |
_aDiccionari de dansa clàssica _h[en línia] _cTERMCAT, Centre de Terminologia |
||
| 260 |
_aBarcelona _bTERMCAT, Centre de Terminologia _c2022 |
||
| 300 | _bil. | ||
| 490 | _aDiccionaris en Línia | ||
| 500 | _aBibliografia. Índexs | ||
| 500 |
_aCategoria gramatical, sinònims, àmbit d'ús, arbre de camp _btermcat |
||
| 520 | _a347 | ||
| 546 | _acatalà | ||
| 592 | _aObra terminològica | ||
| 593 | _aUI | ||
| 650 | 0 |
_aballet _975099 |
|
| 830 |
_aDiccionaris en Línia _974364 |
||
| 856 | _uhttps://www.termcat.cat/ca/diccionaris-en-linia/309 | ||
| 901 | _ccop. <2022> | ||
| 902 | _a221017 | ||
| 942 |
_cMO _2ddc _n0 |
||
| 999 |
_c68309 _d68309 |
||